Propuesta de plan de negocio para la empresa Nicanahuak en la ciudad de Ticuantepe en el periodo 2020-2023

La implementación de este plan de negocio está asociado a la generación de empleo, la cual puede ser contratada localmente beneficiando a los pobladores del municipio que formen parte de la fuerza laboral productiva del proyecto. Para los inversionistas contar con mano de obra cercana y asociad...

Full description

Bibliographic Details
Main Authors: Delgado Palma, Adriana Lissette, Ramírez Flores, Eleazar Manuel
Other Authors: Tutor: Quiñonez Rojas, Karla Julissa
Format: Tesis Section = Libro
Language:Undetermined
Spanish
Published: Managua UNI 2021
Subjects:
LEADER 01513nam a2200289Ia 4500
008 240830s9999 xx 000 0 und d
040 |a BIBLIOTECA-RUPAP Mon 658.11 D352 
041 |a spa 
082 |a Mon 658.11 D352 
100 1 |a Delgado Palma, Adriana Lissette 
100 1 |b Ramírez Flores, Eleazar Manuel 
245 1 0 |a Propuesta de plan de negocio para la empresa Nicanahuak en la ciudad de Ticuantepe en el periodo 2020-2023 
260 |a Managua  |b UNI  |c 2021 
300 |a 89 p. :il 
500 |a Contiene: anexos y CD. 
502 |a Tesis (Ingeniero Industrial) - UNI, 2021. 
520 3 |a La implementación de este plan de negocio está asociado a la generación de empleo, la cual puede ser contratada localmente beneficiando a los pobladores del municipio que formen parte de la fuerza laboral productiva del proyecto. Para los inversionistas contar con mano de obra cercana y asociado a la facilidad de transporte de la materia prima cultivada localmente, generará una disminución de costos productivos en la elaboración del vino, asimismo tendrá un impacto en la economía nacional aportando al crecimiento de la tasa de empleos del país y comercio de productos nacionales. 
650 7 |a EMPRESAS-PROYECTOS 
650 7 |b  VINOS-INDUSTRIA Y COMERCIO 
650 7 |c  ESTUDIO DE MERCADO 
650 7 |d  PRODUCCION 
650 7 |e  PLANEACION 
650 7 |f  NEGOCIOS-NICARAGUA. 
700 1 |a Tutor:  |b Quiñonez Rojas, Karla Julissa 
942 |c BK  |2 ddc 
991 |a TESIS 
999 |c 18926